On This Day: June 14th Quiz Stats

 Plays Quiz Updated Jun 14, 2017

Support Sporcle.
Go Orange.
Score 0/7 Timer 03:00
1 Play Today
Question Answer Wrong Answers
At this theme park, the first daily operating monorail system in the Western Hemisphere opens to the public.
1959
Disneyland
88.1%
Universal Studios Hollywood
5.5%
SeaWorld Orlando
2.4%
Canada's Wonderland
1.4%
The Vatican announces the abolition of the Index Librorum Prohibitorum, or ‘index of prohibited ______’, which was originally instituted in 1557.
1966
Books
82%
Actions
7.3%
Buildings
1.6%
Paintings
5.7%
US President Dwight D. Eisenhower signs a bill into law that places the words ‘under God’ into the United States ______.
1954
Pledge of Allegiance
81.5%
Great Seal
6%
Monetary System
6.4%
National Anthem
4.6%
This nation, which was in the midst of the Cultural Revolution, tests their first hydrogen bomb.
1967
China
74.3%
United States
10.5%
India
9.7%
United Kingdom
1.9%
This now iconic Argentine guerrilla leader and politician is born.
1928
Ernesto ‘Che’ Guevara
72.1%
Raúl Castro
2%
Hugo Chávez
10.1%
Juan Perón
15.2%
Known as the Bear Flag Revolt, settlers in Sonoma start a rebellion against Mexico and proclaim the ______ Republic.
1846
California
61.3%
Texas
22.9%
Arizona
5.5%
New Mexico
10.1%
After losing the Stanley Cup to the New York Rangers, a riot occurs in this Canadian city. Damage totals are estimated at $1.1 million Canadian Dollars, and there are 200 arrests and injuries.
1994
Vancouver
35.9%
Toronto
34.4%
Edmonton
18.4%
Ottawa
7.2%

You're not logged in!

Compare scores with friends on all Sporcle quizzes.
OR
Log In
Forgot?

From the Vault

UK Pub Quiz: Off to Scotland

by Woorsie

O ye'll tak' the high road, and I'll tak' the low road...
Remove Ads.
Support Sporcle.
Get the best of Sporcle when you Go Orange. This ad-free experience offers more features, more stats, and more fun while also helping to support Sporcle. Thank you for becoming a member.

Show Comments

Extras

Top Quizzes Today


Score Distribution

Your Account Isn't Verified!

In order to create a playlist on Sporcle, you need to verify the email address you used during registration. Go to your Sporcle Settings to finish the process.

Report this User

Report this user for behavior that violates our Community Guidelines.

Details: